The plant kingdom; the animal kingdom- vertebrates- invertebrates

Bibliographic Details
Other Authors: Lena Abdullah, Lai, Magdalene
Format: Book
Published: Kuala Lumpur : Jade Green Publications , 2006
Series:The scientific era series 1
Subjects:

MARC

LEADER 00000cam a2200000 7i4500
001 0000005724
005 20151222.0
008 070809
020 |a 9831980549(set) 
020 |a 9831980557 
090 0 0 |a JF   |b SC ENG (5832) 
245 0 4 |a The plant kingdom; the animal kingdom- vertebrates- invertebrates   |c compiled by Lena Abdullah and Magdalene Lai 
260 |a Kuala Lumpur :   |b Jade Green Publications ,   |c 2006 
440 4 |a The scientific era series 1 
500 |a Children ages 7-9 years old (orange) 
650 0 |a Junior fiction   |x English   |x Languages 
650 0 |a Science 
700 0 |a Lena Abdullah 
700 1 |a Lai, Magdalene 
999 |a 0000980454   |b Book   |c Children Collection   |e Cawangan Kota Tinggi 
999 |a 0000980455   |b Book   |c Children Collection   |e Cawangan Mersing 
999 |a 0000980456   |b Book   |c Children Collection   |e Cawangan Bandar Penawar 
999 |a 0000980457   |b Book   |c Children Collection   |e Cawangan Taman Universiti 
999 |a 0000980458   |b Book   |c Children Collection   |e Cawangan Tmn. Ungku Tun Aminah 
999 |a 0001079011   |b Book   |c Children Collection   |e Cawangan Bandar Penawar 
999 |a 0001079016   |b Book   |c Children Collection   |e Cawangan Tangkak 
999 |a 000980458   |b Book   |c Children Collection   |e Cawangan Batu Pahat 
999 |a 000987744   |b Book   |c Children Collection   |e Cawangan Bandar Tenggara